000 00307nam a22001337a 4500
008 170615b xxu||||| |||| 00| 0 eng d
020 _a0865313458
041 _aeng
080 _a327
100 _a19
101 _aSHP
245 _aNONSTATE ACTORS IN INTERNATIONAL POLITICS
_cTAYLOR,PH
942 _2udc
_cBK
999 _c17483
_d17483